Traduire - Statistiques

Statistiques générales
  • Ce quiz a été pris 204 fois
  • Le résultat moyen est 6 sur 11
Statistiques - réponses
Mots Réponse % Correct
Rouge Red
100%
Triste Sad
92%
Mariage Wedding
74%
Entre Between
68%
Reviens Comeback
65%
Bête Beast
51%
Avocat Lawyer
46%
Forme Shape
36%
Défaire Undo
28%
Rougir Blush
20%
Prévisions météorologiques Weather Forecast
11%
Aucun quiz correspondant
Distribution des résultats
% des personnes avec chaque résultat
Percentile par nombre de réponses
Votre historique - résultats
Vous n’avez pas pris ce quiz